Macko v čarovnom lese

Bibliographic Details
Main Author: Piercey, Rachel (Author)
Other Authors: Hartas, Freya, 1992- (Illustrator), Štefánková, Mária, 1951- (Translator)
Format: Book
Language:Slovak
English
PhysicalDescription:12 nečíslovaných strán farebné ilustrácie 19 cm
Published: Bratislava Slovart 2024
ISBN:9788055664019
Edition:Prvé slovenské vydanie
Subjects:

MARC

LEADER 00000nam a2200000 4500
001 vtls012259959
003 SK-MaSNL
005 20260302063101.0
008 240709s2024 xo a a 000 u slo
015 |a SNBA2024/07 
020 |a 9788055664019  |q (viazané) 
040 |a SNK  |b slo  |c SNK  |e rda 
041 1 |a slo  |h eng 
044 |a xo  |c SK 
072 7 |a 793  |x Spoločenská zábava  |2 konspekt 
072 7 |a 0/9-053.2  |x Literatúra pre deti a mládež (náučná)  |2 konspekt 
080 |a 793.7-047.25  |2 2011 
080 |a 821.111-1  |2 2011 
080 |a (0:82-1)  |2 2011 
080 |a (0.025.2)  |2 2011 
080 |a (0.053.2)  |2 2011 
100 1 |a Piercey, Rachel  |4 aut  |9 213712 
240 1 0 |a I love you always  |l Slovensky 
245 1 0 |a Macko v čarovnom lese  |c napísala Rachel Piercey ; ilustrovala Freya Hartas ; z anglického originálu I love you always preložila Mária Štefánková 
250 |a Prvé slovenské vydanie 
264 1 |a Bratislava  |b Slovart  |c 2024 
300 |a 12 nečíslovaných strán  |b farebné ilustrácie  |c 19 cm 
336 |a text  |b txt  |2 rdacontent 
336 |a statický obraz  |b sti  |2 rdacontent 
337 |a bez média  |b n  |2 rdamedia 
338 |a zväzok  |b nc  |2 rdacarrier 
500 |a Kartónové listy 
521 8 |a Pre deti od 4 rokov 
650 0 7 |a hľadanie obrázkov (hry)  |2 SNKPH  |9 330494 
650 0 7 |a Find game images  |2 SNKPHeng  |9 369075 
655 7 |a anglická poézia  |2 SNKPH  |9 70712 
655 7 |a publikácie pre deti  |2 SNKPH  |9 70148 
655 7 |a English poetry  |2 SNKPHeng  |9 279869 
655 7 |a Picture books for children  |2 SNKPHeng  |9 277438 
655 7 |a Publications for children  |2 SNKPHeng  |9 276792 
655 7 |a leporelá  |2 SNKPH  |9 60414 
700 1 |a Hartas, Freya,  |d 1992-  |4 ill  |9 203727 
700 1 |a Štefánková, Mária,  |d 1951-  |4 trl  |9 86067 
852 |a Slovenská národná knižnica 
919 |a 978-80-556-6401-9 
954 |a ilustrované knihy, leporelá, komiksy cudzojazyčné (svetové)  |2 lita 
958 |a DB 
968 |b ENG 
999 |c 1131433  |d 1133363 
952 |a SNK  |b SNK  |y PREZ  |7 0  |p 17A1548520  |o snkOSD 11035  |i snk2024/10679  |8 0  |0 0  |1 0  |4 0  |d 2024-07-09  |l 0  |r 2026-02-24 19:02:29  |w 2026-02-24 
952 |a SNK  |b SNK  |y PREZ  |7 0  |p 17A1551209  |o snkOSD 11035 D1  |i snk2024/10681  |8 0  |0 0  |1 0  |4 0  |d 2024-07-09  |l 0  |r 2026-02-24 19:02:29  |w 2026-02-24